{"text_format":"3","workbook":"xlsx","n_sheets":1,"sheets":["t106"],"read":"whole","date_system":"1900"}

{"sheet":"t106","index":0,"n_rows":170,"n_cols":7,"rows_kept":170,"merged":[[0,0,0,6],[30,0,30,5],[43,0,43,5],[131,0,131,5]]}
["TABELA 106.1 - Estatísticas Agrícolas, Município de Cajobi, Estado de São Paulo, 2007/08."]
["ITEM","UNIDADE","N.DE UPAs","MÍNIMO","MÉDIO","MÁXIMO","TOTAL"]
["Distância à sede do município","km",358,0.1,{"v":8.44,"d":"8.4"},{"v":22,"d":"22.0"},"-"]
["Área total","hectare",358,0.1,{"v":49.82,"d":"49.8"},{"v":1689.5,"d":"1,689.5"},{"v":17834.9,"d":"17,834.9"}]
["Área com cultura perene","hectare",184,0.1,{"v":36.11,"d":"36.1"},{"v":1579.1,"d":"1,579.1"},{"v":6644.3,"d":"6,644.3"}]
["Área com cultura temporária","hectare",198,0.1,{"v":41.38,"d":"41.4"},{"v":491,"d":"491.0"},{"v":8193.5,"d":"8,193.5"}]
["Área com pastagem","hectare",169,0.1,{"v":11.26,"d":"11.3"},{"v":400,"d":"400.0"},{"v":1903,"d":"1,903.0"}]
["Área com reflorestamento","hectare",17,0.1,{"v":4.64,"d":"4.6"},{"v":30,"d":"30.0"},78.8]
["Área com vegetação natural","hectare",228,0.1,{"v":3.02,"d":"3.0"},52.6,{"v":688,"d":"688.0"}]
["Área com vegetação de brejo e várzea","hectare",2,0.2,{"v":1.45,"d":"1.5"},2.7,2.9]
["Área em descanso","hectare",12,0.8,4.1,8.3,49.2]
["Área complementar","hectare",347,0.1,{"v":0.79,"d":"0.8"},30.4,275.2]
["Área das UPAs com (0, 1] ha","hectare",6,0.1,{"v":0.28,"d":"0.3"},0.5,1.7]
["Área das UPAs com (1, 2] ha","hectare",4,1.2,1.8,{"v":2,"d":"2.0"},7.2]
["Área das UPAs com (2, 5] ha","hectare",37,2.4,{"v":3.14,"d":"3.1"},4.8,{"v":116,"d":"116.0"}]
["Área das UPAs com (5, 10] ha","hectare",58,5.4,{"v":7.55,"d":"7.6"},9.7,438.1]
["Área das UPAs com (10, 20] ha","hectare",83,10.6,{"v":15.13,"d":"15.1"},{"v":20,"d":"20.0"},{"v":1255.8,"d":"1,255.8"}]
["Área das UPAs com (20, 50] ha","hectare",100,20.5,{"v":32.85,"d":"32.9"},{"v":50,"d":"50.0"},{"v":3285.1,"d":"3,285.1"}]
["Área das UPAs com (50, 100] ha","hectare",32,50.8,{"v":71.64,"d":"71.6"},98.4,{"v":2292.6,"d":"2,292.6"}]
["Área das UPAs com (100, 200] ha","hectare",24,{"v":104,"d":"104.0"},142.8,193.6,{"v":3427.2,"d":"3,427.2"}]
["Área das UPAs com (200, 500] ha","hectare",10,217.8,{"v":312.43,"d":"312.4"},439.5,{"v":3124.3,"d":"3,124.3"}]
["Área das UPAs com (500, 1.000] ha","hectare",3,556.6,{"v":732.47,"d":"732.5"},907.5,{"v":2197.4,"d":"2,197.4"}]
["Área das UPAs com (1.000, 2.000] ha","hectare",1,{"v":1689.5,"d":"1,689.5"},{"v":1689.5,"d":"1,689.5"},{"v":1689.5,"d":"1,689.5"},{"v":1689.5,"d":"1,689.5"}]
["Área das UPAs com (2.000, 5.000] ha","hectare","-","-","-","-","-"]
["Área das UPAs com (5.000, 10.000] ha","hectare","-","-","-","-","-"]
["Área das UPAs acima de 10.000 ha","hectare","-","-","-","-","-"]
["Familiares do proprietário que trabalham na UPA","unidade",262,{"v":1,"d":"1.0"},{"v":1.68,"d":"1.7"},{"v":6,"d":"6.0"},{"v":440,"d":"440.0"}]
["Trabalhadores permanentes","unidade",89,{"v":1,"d":"1.0"},{"v":4.83,"d":"4.8"},{"v":102,"d":"102.0"},{"v":430,"d":"430.0"}]
["Fonte: Secretaria de Agricultura e Abastecimento, CDRS/IEA, Projeto LUPA."]
[]
["TABELA 106.2 - Explorações Animais, Município de Cajobi, Estado de São Paulo, 2007/08."]
["ITEM","UNIDADE","N.DE UPAs","MÍNIMO","MÉDIO","MÁXIMO","TOTAL"]
["Apicultura","colmeias",1,{"v":200,"d":"200.0"},{"v":200,"d":"200.0"},{"v":200,"d":"200.0"},{"v":200,"d":"200.0"}]
["Asininos E Muares","cabeças",3,{"v":1,"d":"1.0"},{"v":1.67,"d":"1.7"},{"v":2,"d":"2.0"},{"v":5,"d":"5.0"}]
["Bovinocultura de Corte","cabeças",1,{"v":20,"d":"20.0"},{"v":20,"d":"20.0"},{"v":20,"d":"20.0"},{"v":20,"d":"20.0"}]
["Bovinocultura Mista","cabeças",148,{"v":2,"d":"2.0"},{"v":20.98,"d":"21.0"},{"v":225,"d":"225.0"},{"v":3105,"d":"3,105.0"}]
["Equinocultura","cabeças",86,{"v":1,"d":"1.0"},{"v":2.16,"d":"2.2"},{"v":10,"d":"10.0"},{"v":186,"d":"186.0"}]
["Ovinocultura","cabeças",9,{"v":5,"d":"5.0"},{"v":23.44,"d":"23.4"},{"v":70,"d":"70.0"},{"v":211,"d":"211.0"}]
["Piscicultura","m² tanques",3,{"v":3200,"d":"3,200.0"},{"v":12066.67,"d":"12,066.7"},{"v":24000,"d":"24,000.0"},{"v":36200,"d":"36,200.0"}]
["Ranicultura","girinos/ano",1,{"v":50000,"d":"50,000.0"},{"v":50000,"d":"50,000.0"},{"v":50000,"d":"50,000.0"},{"v":50000,"d":"50,000.0"}]
["Suinocultura","cabeças",31,{"v":1,"d":"1.0"},{"v":35.68,"d":"35.7"},{"v":600,"d":"600.0"},{"v":1106,"d":"1,106.0"}]
["Fonte: Secretaria de Agricultura e Abastecimento, CDRS/IEA, Projeto LUPA."]
[]
["TABELA 106.3 -  Máquinas, Implementos e Benfeitorias, Município de Cajobi, Estado de São Paulo, 2007/08."]
["ITEM","UNIDADE","N.DE UPAs","MÍNIMO","MÉDIO","MÁXIMO","TOTAL"]
["Arado Comum (Bacia, Aiveca)","Unidade",51,{"v":1,"d":"1.0"},{"v":1.12,"d":"1.1"},{"v":3,"d":"3.0"},{"v":57,"d":"57.0"}]
["Arado Subsolador","Unidade",6,{"v":1,"d":"1.0"},{"v":1,"d":"1.0"},{"v":1,"d":"1.0"},{"v":6,"d":"6.0"}]
["Carregadeira de Cana","Unidade",2,{"v":1,"d":"1.0"},1.5,{"v":2,"d":"2.0"},{"v":3,"d":"3.0"}]
["Computador","Unidade",5,{"v":2,"d":"2.0"},3.8,{"v":10,"d":"10.0"},{"v":19,"d":"19.0"}]
["Conj.Irrigação Convencional","Unidade",16,{"v":1,"d":"1.0"},{"v":1.88,"d":"1.9"},{"v":6,"d":"6.0"},{"v":30,"d":"30.0"}]
["Conj.Irrigação/Gotejamento/Microaspersão","Unidade",25,{"v":1,"d":"1.0"},{"v":1.56,"d":"1.6"},{"v":6,"d":"6.0"},{"v":39,"d":"39.0"}]
["Desintegrador, Picador, Triturador","Unidade",61,{"v":1,"d":"1.0"},{"v":1.03,"d":"1.0"},{"v":2,"d":"2.0"},{"v":63,"d":"63.0"}]
["Distribuidor de Calcário","Unidade",11,{"v":1,"d":"1.0"},{"v":1.09,"d":"1.1"},{"v":2,"d":"2.0"},{"v":12,"d":"12.0"}]
["Ensiladeira","Unidade",6,{"v":1,"d":"1.0"},{"v":1.33,"d":"1.3"},{"v":2,"d":"2.0"},{"v":8,"d":"8.0"}]
["Grade Aradora (Tipo Romi)","Unidade",69,{"v":1,"d":"1.0"},{"v":1.49,"d":"1.5"},{"v":5,"d":"5.0"},{"v":103,"d":"103.0"}]
["Grade Niveladora","Unidade",19,{"v":1,"d":"1.0"},{"v":1.21,"d":"1.2"},{"v":2,"d":"2.0"},{"v":23,"d":"23.0"}]
["Microtrator","Unidade",3,{"v":1,"d":"1.0"},{"v":1,"d":"1.0"},{"v":1,"d":"1.0"},{"v":3,"d":"3.0"}]
["Misturador de Ração","Unidade",1,{"v":1,"d":"1.0"},{"v":1,"d":"1.0"},{"v":1,"d":"1.0"},{"v":1,"d":"1.0"}]
["Ordenhadeira Mecânica","Unidade",5,{"v":1,"d":"1.0"},1.8,{"v":4,"d":"4.0"},{"v":9,"d":"9.0"}]
["Pulverizador Tratorizado","Unidade",118,{"v":1,"d":"1.0"},{"v":1.92,"d":"1.9"},{"v":15,"d":"15.0"},{"v":226,"d":"226.0"}]
["Resfriador de Leite, Tanque Expansão","Unidade",5,{"v":1,"d":"1.0"},{"v":1,"d":"1.0"},{"v":1,"d":"1.0"},{"v":5,"d":"5.0"}]
["Semeadeira/Adubadeira para Plantio Convencional","Unidade",6,{"v":1,"d":"1.0"},{"v":1,"d":"1.0"},{"v":1,"d":"1.0"},{"v":6,"d":"6.0"}]
["Semeadeira/Plantadeira Plantio Direto","Unidade",1,{"v":1,"d":"1.0"},{"v":1,"d":"1.0"},{"v":1,"d":"1.0"},{"v":1,"d":"1.0"}]
["Trator de Pneus","Unidade",144,{"v":1,"d":"1.0"},{"v":2.22,"d":"2.2"},{"v":42,"d":"42.0"},{"v":319,"d":"319.0"}]
["Açude/Represa","Unidade",81,{"v":1,"d":"1.0"},{"v":1.42,"d":"1.4"},{"v":6,"d":"6.0"},{"v":115,"d":"115.0"}]
["Almoxarifado/Oficina","Unidade",23,{"v":1,"d":"1.0"},{"v":1,"d":"1.0"},{"v":1,"d":"1.0"},{"v":23,"d":"23.0"}]
["Armazém para Grãos Ensacados","Sacas",7,{"v":500,"d":"500.0"},{"v":11441.43,"d":"11,441.4"},{"v":50000,"d":"50,000.0"},{"v":80090,"d":"80,090.0"}]
["Balança para Veículos","Unidade",3,{"v":1,"d":"1.0"},{"v":1,"d":"1.0"},{"v":1,"d":"1.0"},{"v":3,"d":"3.0"}]
["Barracão para Granja/Avicultura","Unidade",1,{"v":1,"d":"1.0"},{"v":1,"d":"1.0"},{"v":1,"d":"1.0"},{"v":1,"d":"1.0"}]
["Barracão/Galpão/Garagem","Unidade",146,{"v":1,"d":"1.0"},{"v":1.19,"d":"1.2"},{"v":3,"d":"3.0"},{"v":174,"d":"174.0"}]
["Casa de Moradia Habitada","Unidade",141,{"v":1,"d":"1.0"},{"v":1.59,"d":"1.6"},{"v":10,"d":"10.0"},{"v":224,"d":"224.0"}]
["Casa de Moradia Total","Unidade",148,{"v":1,"d":"1.0"},{"v":2.32,"d":"2.3"},{"v":13,"d":"13.0"},{"v":343,"d":"343.0"}]
["Curral/Mangueira","Unidade",144,{"v":1,"d":"1.0"},{"v":1.13,"d":"1.1"},{"v":10,"d":"10.0"},{"v":162,"d":"162.0"}]
["Depósito/Tulha","Unidade",151,{"v":1,"d":"1.0"},{"v":1.06,"d":"1.1"},{"v":4,"d":"4.0"},{"v":160,"d":"160.0"}]
["Estufa/Plasticultura","m²",19,{"v":500,"d":"500.0"},{"v":5189.47,"d":"5,189.5"},{"v":24000,"d":"24,000.0"},{"v":98600,"d":"98,600.0"}]
["Instalações para Equinos","Unidade",3,{"v":1,"d":"1.0"},{"v":6.67,"d":"6.7"},{"v":18,"d":"18.0"},{"v":20,"d":"20.0"}]
["Máquina de Benefício","Unidade",2,{"v":1,"d":"1.0"},1.5,{"v":2,"d":"2.0"},{"v":3,"d":"3.0"}]
["Pocilga","Unidade",28,{"v":1,"d":"1.0"},{"v":1.07,"d":"1.1"},{"v":3,"d":"3.0"},{"v":30,"d":"30.0"}]
["Poço Semi-Artesiano","Unidade",207,{"v":1,"d":"1.0"},{"v":1.04,"d":"1.0"},{"v":3,"d":"3.0"},{"v":216,"d":"216.0"}]
["Terreiro","m²",12,{"v":2,"d":"2.0"},{"v":1156.83,"d":"1,156.8"},{"v":8000,"d":"8,000.0"},{"v":13882,"d":"13,882.0"}]
["Fonte: Secretaria de Agricultura e Abastecimento, CDRS/IEA, Projeto LUPA."]
[]
["TABELA 106.4 - Outras Estatísticas Agrícolas, Município de Cajobi, Estado de São Paulo, 2007/08."]
["ITEM","Número de UPAs",null,"Percentual"]
["Faz Parte de Associação de Produtores",71,null,{"v":19.83240223463687,"d":"19.8"}]
["Faz Parte de Cooperativa de Produtores",207,null,{"v":57.82122905027933,"d":"57.8"}]
["Faz Parte do Sindicato de Produtores",58,null,{"v":16.201117318435756,"d":"16.2"}]
["Não utiliza assistência técnica ",5,null,{"v":1.3966480446927374,"d":"1.4"}]
["Utiliza somente assistência técnica governamental ",167,null,{"v":46.64804469273743,"d":"46.6"}]
["Utiliza somente assistência técnica privada ",79,null,{"v":22.067039106145252,"d":"22.1"}]
["Utiliza assistência técnica tanto governamental quanto privada",107,null,{"v":29.88826815642458,"d":"29.9"}]
["Utiliza Crédito Rural",43,null,{"v":12.011173184357542,"d":"12.0"}]
["Utiliza Seguro Rural",3,null,{"v":0.8379888268156425,"d":"0.8"}]
["Utiliza Escrituração Agrícola",224,null,{"v":62.56983240223464,"d":"62.6"}]
["Acessa Internet p/ Fins na Agropecuária",82,null,{"v":22.905027932960895,"d":"22.9"}]
["Utiliza Computador nas Atividades Agropecuárias",14,null,{"v":3.910614525139665,"d":"3.9"}]
["Utiliza Energia Elétrica Para Uso na Atividade Agrícola",275,null,{"v":76.81564245810056,"d":"76.8"}]
["Realiza Análise de Solo, quando necessário",309,null,{"v":86.31284916201116,"d":"86.3"}]
["Utiliza Práticas de Conservação de Solo, quando necessário",349,null,{"v":97.48603351955308,"d":"97.5"}]
["Faz Adubação Mineral, quando necessário",324,null,{"v":90.50279329608938,"d":"90.5"}]
["Faz Adubação Orgânica, quando necessário",16,null,{"v":4.4692737430167595,"d":"4.5"}]
["Faz Adubação Verde, quando necessário",13,null,{"v":3.6312849162011176,"d":"3.6"}]
["Utiliza Manejo Integrado de Pragas (MIP)",263,null,{"v":73.46368715083798,"d":"73.5"}]
["Utiliza Hidroponia","-",null,"-"]
["Utiliza Plasticultura",17,null,{"v":4.748603351955307,"d":"4.7"}]
["Utiliza Mudas Fiscalizadas",168,null,{"v":46.927374301675975,"d":"46.9"}]
["Utiliza Semente Melhorada",29,null,{"v":8.100558659217878,"d":"8.1"}]
["Faz Confinamento de Bovinos",1,null,{"v":0.27932960893854747,"d":"0.3"}]
["Utiliza Pastejo Intensivo",141,null,{"v":39.385474860335194,"d":"39.4"}]
["Faz Inseminação Artificial",5,null,{"v":1.3966480446927376,"d":"1.4"}]
["Faz Mineralização do Rebanho",141,null,{"v":39.385474860335194,"d":"39.4"}]
["Faz Vermifugação do Rebanho",141,null,{"v":39.385474860335194,"d":"39.4"}]
["Possui Parceiros /Arrendatários na Exploração Animal",17,null,{"v":4.748603351955307,"d":"4.7"}]
["Esporte e lazer",1,null,{"v":0.27932960893854747,"d":"0.3"}]
["Extração mineral",1,null,{"v":0.27932960893854747,"d":"0.3"}]
["Hotel Fazenda, Pousada ou SPA","-",null,"-"]
["Pesque-pague",2,null,{"v":0.5586592178770949,"d":"0.6"}]
["Restaurante ou Lanchonete",1,null,{"v":0.27932960893854747,"d":"0.3"}]
["Transformação artesanal","-",null,"-"]
["Turismo rural ou ecoturismo","-",null,"-"]
["Outras atividades econômicas rurais","-",null,"-"]
["Agroindústria",1,null,{"v":0.27932960893854747,"d":"0.3"}]
["Proprietário sem instrução ou com instrução incompleta",52,null,{"v":14.52513966480447,"d":"14.5"}]
["Proprietário com antigo primário completo",129,null,{"v":36.03351955307263,"d":"36.0"}]
["Proprietário com 1° grau (ou antigo ginasial) completo",32,null,{"v":8.938547486033519,"d":"8.9"}]
["Proprietário com 2° grau (ou antigo colegial) completo",64,null,{"v":17.877094972067038,"d":"17.9"}]
["Proprietário com curso superior completo ",75,null,{"v":20.94972067039106,"d":"20.9"}]
["Pessoa Jurídica",6,null,{"v":1.675977653631285,"d":"1.7"}]
["Proprietário residente na própria UPA ",63,null,{"v":17.59776536312849,"d":"17.6"}]
["Fonte: Secretaria de Agricultura e Abastecimento, CDRS/IEA, Projeto LUPA."]
[]
["TABELA 106.5 - Área Cultivada, Município de Cajobi, Estado de São Paulo, 2007/08."]
["CULTURA","N.DE UPAs","MÍNIMO","MÉDIO","MÁXIMO","TOTAL"]
["Cana-de-acucar",188,0.2,{"v":43.39,"d":"43.4"},{"v":491,"d":"491.0"},{"v":8157.2,"d":"8,157.2"}]
["Laranja",167,0.1,{"v":38.53,"d":"38.5"},{"v":1579.1,"d":"1,579.1"},{"v":6434.8,"d":"6,434.8"}]
["Braquiaria",74,0.3,{"v":16.29,"d":"16.3"},{"v":400,"d":"400.0"},{"v":1205.4,"d":"1,205.4"}]
["Outras gramineas para pastagem",55,0.3,{"v":6.84,"d":"6.8"},50.2,376.3]
["Gramas",44,0.1,{"v":7.23,"d":"7.2"},72.6,318.3]
["Seringueira",12,3.5,{"v":8.76,"d":"8.8"},{"v":30,"d":"30.0"},105.1]
["Outras florestais",11,0.5,6.6,{"v":30,"d":"30.0"},72.6]
["Tangor",5,1.2,11.9,{"v":50,"d":"50.0"},59.5]
["Palmito",1,{"v":20,"d":"20.0"},{"v":20,"d":"20.0"},{"v":20,"d":"20.0"},{"v":20,"d":"20.0"}]
["Limao",3,0.8,{"v":3.93,"d":"3.9"},{"v":9,"d":"9.0"},11.8]
["Viveiro de citros",18,0.1,{"v":0.48,"d":"0.5"},2.4,8.6]
["Tangerina",4,0.6,{"v":1.83,"d":"1.8"},3.1,7.3]
["Manga",2,{"v":3,"d":"3.0"},3.4,3.8,6.8]
["Eucalipto",6,0.1,{"v":1.02,"d":"1.0"},2.4,6.1]
["Cafe",3,0.7,1.9,{"v":4,"d":"4.0"},5.7]
["Milho",3,1.3,1.7,2.3,5.1]
["Outras olericolas",10,0.1,{"v":0.51,"d":"0.5"},2.4,5.1]
["Lima",1,3.5,3.5,3.5,3.5]
["Capim-napier (ou capim-elefante)",3,0.2,{"v":0.83,"d":"0.8"},{"v":2,"d":"2.0"},2.5]
["Alface",9,0.1,{"v":0.14,"d":"0.1"},0.5,1.3]
["Viveiro de seringueira",1,1.2,1.2,1.2,1.2]
["Berinjela",5,0.1,{"v":0.18,"d":"0.2"},0.5,0.9]
["Cebolinha",9,0.1,0.1,0.1,0.9]
["Jilo",3,0.1,{"v":0.23,"d":"0.2"},0.5,0.7]
["Coloniao",1,0.5,0.5,0.5,0.5]
["Couve (ou couve-crespa)",4,0.1,0.1,0.1,0.4]
["Pimenta",1,0.4,0.4,0.4,0.4]
["Acelga",3,0.1,0.1,0.1,0.3]
["Abobora (ou jerimum)",3,0.1,0.1,0.1,0.3]
["Feijao-vagem (ou vagem, ou feijao-verde)",1,0.2,0.2,0.2,0.2]
["Brocolos (ou brocolis)",2,0.1,0.1,0.1,0.2]
["Couve-flor",2,0.1,0.1,0.1,0.2]
["Mamao",1,0.1,0.1,0.1,0.1]
["Tomate envarado",1,0.1,0.1,0.1,0.1]
["Espinafre (ou espinafre-europeu)",1,0.1,0.1,0.1,0.1]
["Viveiro de florestais",1,0.1,0.1,0.1,0.1]
["Fonte: Secretaria de Agricultura e Abastecimento, CDRS/IEA, Projeto LUPA."]